The Cambridge Modern History: Volume VIII The French Revolution (Record no. 1694)

000 -LEADER
fixed length control field 00632nam a22002177a 4500
003 - CONTROL NUMBER IDENTIFIER
control field OSt
005 - DATE AND TIME OF LATEST TRANSACTION
control field 20210427071803.0
008 - FIXED-LENGTH DATA ELEMENTS--GENERAL INFORMATION
fixed length control field 210224s1904 ||||| |||| 00| 0 eng d
040 ## - CATALOGING SOURCE
Original cataloging agency eng
Language of cataloging eng
Transcribing agency DLC
041 ## - LANGUAGE CODE
Language code of text/sound track or separate title eng
080 ## - UNIVERSAL DECIMAL CLASSIFICATION NUMBER
Universal Decimal Classification number 94
Item number W-26
100 ## - MAIN ENTRY--PERSONAL NAME
9 (RLIN) 1105
Personal name Ward, W., A.
245 ## - TITLE STATEMENT
Title The Cambridge Modern History: Volume VIII The French Revolution
Statement of responsibility, etc. / by: The Macmillan Company
260 ## - PUBLICATION, DISTRIBUTION, ETC.
Place of publication, distribution, etc. New York
Name of publisher, distributor, etc. The Macmillan Company
Date of publication, distribution, etc. 1904
300 ## - PHYSICAL DESCRIPTION
Extent 875 p.
650 #0 - SUBJECT ADDED ENTRY--TOPICAL TERM
9 (RLIN) 252
Topical term or geographic name entry element History
653 ## - INDEX TERM--UNCONTROLLED
Uncontrolled term ისტორია
700 ## - ADDED ENTRY--PERSONAL NAME
9 (RLIN) 1106
Personal name Prothero, W., G.
Relator term Editor
700 ## - ADDED ENTRY--PERSONAL NAME
9 (RLIN) 1107
Personal name Leathes, Stanley
Relator term Editor
942 ## - ADDED ENTRY ELEMENTS (KOHA)
Source of classification or shelving scheme
Koha item type Books
Holdings
Withdrawn status Lost status Source of classification or shelving scheme Damaged status Not for loan Permanent location Current location Date acquired Inventory number Total Checkouts Full call number Barcode Date last seen Price effective from Koha item type
          Ken Walker International University Ken Walker International University 02/24/2021 1395   94 W-26 1395 02/24/2021 02/24/2021 Books

Powered by Koha